Normal view
MARC view
- LOPEZ, FELIX M
Entry Personal Name
001 - CONTROL NUMBER
- control field: 56962
003 - CONTROL NUMBER IDENTIFIER
- control field: NUST
005 - DATE AND TIME OF LATEST TRANSACTION
- control field: 20210628201824.0
008 - FIXED-LENGTH DATA ELEMENTS
- fixed length control field: 210628|| aca||aabn | a|a d
040 ## - CATALOGING SOURCE
- Original cataloging agency: NUST
- Transcribing agency: NUST
100 ## - HEADING--PERSONAL NAME
- Personal name: LOPEZ, FELIX M
670 ## - SOURCE DATA FOUND
- Source citation: Work cat.: (NUST): LOPEZ, FELIX M, PERSONEAL INTERVIEWING THEORY AND PRACTICES, 1965
